000 00739 a2200229 4500
003 CBULib
005 20250128081517.0
008 250123b |||||||| |||| 00| 0 eng d
020 _a9781529781533
040 _bEnglish
_cCBULib
_erda
050 _aLB 3044 Bei
100 _aBeighton, Matt
245 _aWrite it level it reach it : save time and boost learning with your own model texts
_c/ by Matt Beighton
260 _bSAGE,
_c2022
_aLondon :
300 _avi, 130 pages : illustrations
336 _2rdacontent
_aText |
_btxt
337 _2rdamedia
_aUnmediated |
_bn
338 _2rdacarrier
_aVolume
_bnc
500 _aIncludes bibliographical references and index.
650 0 _94259
_aREADERS - AUTHORSHIP
942 _2lcc
_c002
999 _c85933
_d85933